Eastern Utah Libraries Catalog: Duchesne, Heber, Roosevelt, & Vernal

Spell robbers / (Record no. 196137)

MARC details
000 -LEADER
fixed length control field 03036cam a2200757 i 4500
001 - CONTROL NUMBER
control field 2078051
005 - DATE AND TIME OF LATEST TRANSACTION
control field 20241220162542.0
008 - FIXED-LENGTH DATA ELEMENTS--GENERAL INFORMATION
fixed length control field 130418s2014 nyu c 000 1 eng c
010 ## - LIBRARY OF CONGRESS CONTROL NUMBER
LC control number 2013013216
020 ## - INTERNATIONAL STANDARD BOOK NUMBER
International Standard Book Number 9780545502269 :
Terms of availability $16.99
020 ## - INTERNATIONAL STANDARD BOOK NUMBER
International Standard Book Number 0545502268 :
Terms of availability $16.99
020 ## - INTERNATIONAL STANDARD BOOK NUMBER
Cancelled/invalid ISBN 9780545675376 (pbk.)
020 ## - INTERNATIONAL STANDARD BOOK NUMBER
Cancelled/invalid ISBN 0545675375 (pbk.)
029 1# - (OCLC)
OCLC library identifier NZ1
System control number 15378594
029 1# - (OCLC)
OCLC library identifier AU@
System control number 000050879002
035 ## - SYSTEM CONTROL NUMBER
System control number (OCoLC)841199126
Canceled/invalid control number (OCoLC)852226188
035 ## - SYSTEM CONTROL NUMBER
System control number 2067719
035 ## - SYSTEM CONTROL NUMBER
System control number (OCoLC)841199126
Canceled/invalid control number (OCoLC)852226188
035 ## - SYSTEM CONTROL NUMBER
System control number (OCoLC)ocn841199126
035 ## - SYSTEM CONTROL NUMBER
System control number 2067719
040 ## - CATALOGING SOURCE
Original cataloging agency NJQ/DLC
Language of cataloging eng
Description conventions rda
Transcribing agency ZQP
Modifying agency DLC
-- OCLCO
-- BTCTA
-- BDX
-- JBL
-- JP3
-- OCLCF
-- OCLCO
-- IHI
-- IGA
042 ## - AUTHENTICATION CODE
Authentication code pcc
-- lcac
049 ## - LOCAL HOLDINGS (OCLC)
Holding library IGAA
050 00 - LIBRARY OF CONGRESS CALL NUMBER
Classification number PZ7.K633528
Item number Spe 2014
082 04 - DEWEY DECIMAL CLASSIFICATION NUMBER
Classification number [Fic]
Edition number 23
082 04 - DEWEY DECIMAL CLASSIFICATION NUMBER
Classification number 813.6
Edition number 23
092 ## - LOCALLY ASSIGNED DEWEY CALL NUMBER (OCLC)
Classification number F
999 ## - SYSTEM CONTROL NUMBERS (KOHA)
Koha Dewey Subclass [OBSOLETE] F
100 1# - MAIN ENTRY--PERSONAL NAME
Personal name Kirby, Matthew J.,
Dates associated with a name 1976-
Relator term author.
9 (RLIN) 5868427
245 10 - TITLE STATEMENT
Title Spell robbers /
Statement of responsibility, etc by Matthew J. Kirby.
250 ## - EDITION STATEMENT
Edition statement First edition.
264 #1 - Production, Publication, Distribution, Manufacture, and Copyright Notice.
Place of production, publication, distribution, manufacture New York :
Name of producer, publisher, distributor, manufacturer Scholastic Press,
Date of production, publication, distribution, manufacture, or copyr 2014
300 ## - PHYSICAL DESCRIPTION
Extent 263 pages ;
Dimensions 22 cm.
336 ## - Content Type
Content type term text
337 ## - Media type
Media type term unmediated
338 ## - Carrier type
Carrier type term volume
490 1# - SERIES STATEMENT
Series statement The Quantum League ;
Volume number/sequential designation book one
520 ## - SUMMARY, ETC.
Summary, etc Ben Warner is invited to join a "science camp" led by a quantum physicist Dr. Madeleine Hughes, and with his new friend Peter he discovers the secret art of Actuation--the ability to change reality by imagining it differently--but he also finds that there are people willing to kill for that secret.
650 #0 - SUBJECT ADDED ENTRY--TOPICAL TERM
Topical term or geographic name as entry element Imagination
Form subdivision Juvenile fiction.
9 (RLIN) 5676283
650 #0 - SUBJECT ADDED ENTRY--TOPICAL TERM
Topical term or geographic name as entry element Quantum theory
Form subdivision Juvenile fiction.
9 (RLIN) 5680130
650 #0 - SUBJECT ADDED ENTRY--TOPICAL TERM
Topical term or geographic name as entry element Physicists
Form subdivision Juvenile fiction.
9 (RLIN) 5680131
650 #0 - SUBJECT ADDED ENTRY--TOPICAL TERM
Topical term or geographic name as entry element Friendship
Form subdivision Juvenile fiction.
9 (RLIN) 5673647
650 #0 - SUBJECT ADDED ENTRY--TOPICAL TERM
Topical term or geographic name as entry element Adventure stories.
9 (RLIN) 78767
650 #1 - SUBJECT ADDED ENTRY--TOPICAL TERM
Topical term or geographic name as entry element Science fiction.
9 (RLIN) 91082
650 #1 - SUBJECT ADDED ENTRY--TOPICAL TERM
Topical term or geographic name as entry element Imagination
Form subdivision Fiction.
9 (RLIN) 5674599
650 #1 - SUBJECT ADDED ENTRY--TOPICAL TERM
Topical term or geographic name as entry element Quantum theory
Form subdivision Fiction.
9 (RLIN) 5680132
650 #1 - SUBJECT ADDED ENTRY--TOPICAL TERM
Topical term or geographic name as entry element Physicists
Form subdivision Fiction.
9 (RLIN) 5680133
650 #1 - SUBJECT ADDED ENTRY--TOPICAL TERM
Topical term or geographic name as entry element Friendship
Form subdivision Fiction.
9 (RLIN) 5673769
650 #1 - SUBJECT ADDED ENTRY--TOPICAL TERM
Topical term or geographic name as entry element Adventure and adventurers
Form subdivision Fiction.
9 (RLIN) 102533
650 #7 - SUBJECT ADDED ENTRY--TOPICAL TERM
Topical term or geographic name as entry element Adventure stories.
Source of heading or term fast
9 (RLIN) 78767
650 #7 - SUBJECT ADDED ENTRY--TOPICAL TERM
Topical term or geographic name as entry element Friendship.
Source of heading or term fast
9 (RLIN) 84369
650 #7 - SUBJECT ADDED ENTRY--TOPICAL TERM
Topical term or geographic name as entry element Imagination.
Source of heading or term fast
9 (RLIN) 85729
650 #7 - SUBJECT ADDED ENTRY--TOPICAL TERM
Topical term or geographic name as entry element Physicists.
Source of heading or term fast
9 (RLIN) 89525
650 #7 - SUBJECT ADDED ENTRY--TOPICAL TERM
Topical term or geographic name as entry element Quantum theory.
Source of heading or term fast
9 (RLIN) 90265
655 #7 - INDEX TERM--GENRE/FORM
Genre/form data or focus term Science fiction.
Source of term gsafd
9 (RLIN) 91082
655 #7 - INDEX TERM--GENRE/FORM
Genre/form data or focus term Adventure fiction.
Source of term gsafd
9 (RLIN) 102629
655 #7 - INDEX TERM--GENRE/FORM
Genre/form data or focus term Fiction.
Source of term fast
9 (RLIN) 5673940
655 #7 - INDEX TERM--GENRE/FORM
Genre/form data or focus term Juvenile works.
Source of term fast
9 (RLIN) 5673941
800 1# - SERIES ADDED ENTRY--PERSONAL NAME
Personal name Kirby, Matthew J.,
Dates associated with a name 1976-
Title of a work Quantum League ;
Volume/sequential designation bk. 1.
9 (RLIN) 5680134
942 ## - ADDED ENTRY ELEMENTS (KOHA)
Source of classification or shelving scheme Dewey Decimal Classification
Koha item type BOOK
948 ## - LOCAL PROCESSING INFORMATION (OCLC); SERIES PART DESIGNATOR (RLIN)
Series part designator, SPT (RLIN) BFP
b (OCLC) CHILDREN'S
p (OCLC) X108911447
k (OCLC) J
h (OCLC) F
f (OCLC) 0
r (OCLC) 2
g (OCLC) 0
7 (OCLC) 0
u (OCLC) 3
w (OCLC) 11
s (OCLC) 0
o (OCLC) BFP
0 (OCLC) $16.99
y (OCLC) 99
c (OCLC) 26
j (OCLC) Dewey Decimal
n (OCLC) On-Order
e (OCLC) 786206-1
9 (OCLC) Item generated Feb 13 2015 3:20PM
Holdings
Withdrawn status Lost status Source of classification or shelving scheme Damaged status Not for loan Collection code Home library Current library Shelving location Date acquired Cost, normal purchase price Total Checkouts Total Renewals Full call number Barcode Date last seen Date checked out Cost, replacement price Price effective from Koha item type
    Dewey Decimal Classification     Junior Fiction Wasatch County Library Wasatch County Library Main Floor Junior Area 02/26/2014 16.99 14 3 J Kirby 34301001175324 04/14/2025 04/01/2025 16.99 03/20/2020 BOOK
This project was made possible through a grant from the Institute of Museum and Library Service administered by the Utah State Library Division.

Wasatch County Library

  • 465 East 1200 South, Heber City, Utah 84032
  • Phone 435-654-1511 | Fax 435-654-6456

Hours

  • Monday - Friday 9:30 AM - 8:00 PM
  • Saturday 9:30 AM - 1:30 PM
  • Closed Sundays and Holidays